[Event "Schleswig Holstein-chB U18"]
[Site "Neumuenster"]
[Date "2001.04.08"]
[Round "3"]
[White "Von Harder, Stephan"]
[Black "Wendler, Thore"]
[Result "1-0"]
[WhiteElo "1293"]
[BlackElo "1227"]
[PlyCount "77"]
[EventDate "2001.04.??"]
[EventType "swiss"]
[EventRounds "9"]
[EventCountry "GER"]
[SourceTitle "EXT 2003"]
[Source "ChessBase"]
[SourceDate "2002.11.25"]
[SourceVersion "1"]
[SourceVersionDate "2002.11.25"]
[SourceQuality "1"]

1. e4 e5 2. Nf3 Nc6 3. Bb5 d6 4. c3 Nf6 5. d3 Bd7 6. Bg5 Be7 7. Nbd2 0-0 8. 0-0 Bg4 9. Re1 a6 10. Ba4 b5 11. Bb3 Re8 12. Nf1 Qd7 13. Ne3 Rad8 14. Bxf6 Bxf6 15. Bd5 Ne7 16. Bb3 c6 17. Nxe5 dxe5 18. Nxg4 Qxd3 19. Nxf6+ gxf6 20. Qg4+ Kh8 21. Rad1 Rg8 22. Rxd3 Rxg4 23. Rxd8+ Kg7 24. f3 Rg5 25. Ra8 Ng6 26. Rd1 Nh4 27. Kh1 Rxg2 28. Rg1 Rxg1+ 29. Kxg1 Nxf3+ 30. Kg2 Nd2 31. Bc2 Kg6 32. Kf2 Nc4 33. b3 Nd6 34. Rxa6 f5 35. exf5+ Nxf5 36. Rxc6+ f6 37. c4 Kg5 38. Bxf5 Kxf5 39. cxb5 1-0

[Event "Schleswig Holstein-chB U18"]
[Site "Neumuenster"]
[Date "2000.04.18"]
[Round "5"]
[White "Wendler, Thore"]
[Black "Schaeffer, Patrick"]
[Result "1-0"]
[WhiteElo "1115"]
[BlackElo "916"]
[PlyCount "65"]
[EventDate "2000.04.??"]
[EventType "swiss"]
[EventRounds "9"]
[EventCountry "GER"]
[SourceTitle "EXT 2003"]
[Source "ChessBase"]
[SourceDate "2002.11.25"]
[SourceVersion "1"]
[SourceVersionDate "2002.11.25"]
[SourceQuality "1"]

1. f4 e6 2. Nf3 Nf6 3. d3 Nc6 4. e3 d5 5. b3 Bd6 6. Bb2 Bd7 7. Bxf6 Qxf6 8. c3 a5 9. d4 b6 10. Bd3 Ne7 11. a3 b5 12. Nbd2 c6 13. 0-0 0-0 14. g3 h6 15. Ne5 Ra7 16. h4 Nf5 17. Qf3 Bxe5 18. dxe5 Qe7 19. e4 Nxh4 20. gxh4 Qxh4 21. Rf2 Qe7 22. Rh2 f6 23. Qf2 fxe5 24. Qxa7 Rxf4 25. Qb8+ Rf8 26. Qxe5 Qc5+ 27. Qd4 Qxd4+ 28. cxd4 g6 29. exd5 g5 30. dxe6 Bxe6 31. Rxh6 Kg7 32. Rxe6 Rf4 33. Re4 1-0